01281nam a2200253 a 4500001001000000005001700010008004100027041000800068044000700076084002100083100004500104245009500149260003700244300003000281500024800311500009700559500012400656500001000780650005200790650005600842650003400898650004500932740005000977BRCA_271220190320203932.0031208s1890----fr-a---###---#000-0dspa-u aspa afr a215b.G376c18901 aCervantes Saavedra, Miguel ded1547-161610aEl Ingenioso Hidalgo Don Quijote de la Manchaccompuesto por Miguel de Cervantes Saavedra. aParísbGarnier hermanosc1890? axliv, 768 p.bil.c18 cm. aContenido : Primera parte. Retrato de Cervantes. Vida de Cervantes refundición de la escrita por Aribau. Dedicatoria del autor. Prólogo del autor. Versos preliminares. Texto. Segunda parte. Dedicatoria del autor. Prólogo del autor. Texto aEdición : Conforme la última corregida por la Academia Española, con la vida del autor aEdición similar a la impresa el mismo año y por los mismos editores, pero con menor tamaño. Tela Lúdovik Osterc aQMB2214aNovela españolayÉpoca clásica, 1500-170014aLiteratura españolayÉpoca clásica, 1500-170014aNovela españolaySiglo XVII14aDon Quijote (Personaje ficticio)eNovela0 aEl Ingenioso Hidalgo Don Quijote de la Mancha